|
|
แสดงรายละเอียดบรรณานุกรม |
|
|
Brief Record
: Get Marc (ISO 2709)
: E-mail record
: |
|
|
| LEADER 00000nam 2200000uu 4500 | |||
| 001 210811 | |||
| 003 ULIBM | |||
| 008 020711s2014 th a 000 0 eng d | |||
| 020 978-0-7637-8163-7 | |||
| 041 ^aeng | |||
| 060 4 WY100 C592 2014 | |||
| 100 Clark, Carolyn Chamders. | |||
| 245 Health promotion for nurse :^b a practical guide/^cCarolyn Chamders Clark,Karen K. Paraska. | |||
| 250 1st ed. | |||
| 260 Burlington,MA :^bJones&Bartlett Learning,^c2014. | |||
| 300 xxi,719 p. :^bill ;^c23 cm. | |||
| 650 4 Health Promotion | |||
| 650 4 ^aNursing Care | |||
| 650 4 ^aNurses Role | |||
| 700 0 ^aParaska, Karen K. | |||
| 999 ^aใช้งานได้ทุกระบบ | |||
| คุณยังไม่ได้ล็อกอิน คุณสามารถมีกิจกรรมร่วมกับเว็บไซต์ได้ แต่ต้องล็อกอินก่อน :: |
|
| สถานะ | |||||||||
| 1. | การพยาบาล (ตำราหลัก) | WY100 C592 2014 c.1 | On Shelf ขอยืม | ||||||
| Note:ปีงบประมาณ 2558 | |||||||||
| [แสดง 1/1 รายการ] | |||||||||
| รายการใกล้เคียง หัวเรื่อง [Health Promotion]
|
BibComment |
| คอมเมนท์ทรัพยากรรายการนี้ |
|
|